Organizational behavior (Record no. 3449)

MARC details
000 -LEADER
fixed length control field 00422nam a22001817a 4500
005 - DATE AND TIME OF LATEST TRANSACTION
control field 20180720114955.0
008 - FIXED-LENGTH DATA ELEMENTS--GENERAL INFORMATION
fixed length control field 160622b xxu||||| |||| 00| 0 eng d
020 ## - INTERNATIONAL STANDARD BOOK NUMBER
ISBN 978-0-07-125930-3
041 ## - LANGUAGE CODE
Language code of text/sound track or separate title eng
082 ## - DEWEY DECIMAL CLASSIFICATION NUMBER
Item number 8843
Classification number 658.3
100 ## - MAIN ENTRY--AUTHOR NAME
Personal name Luthans, Fred
245 ## - TITLE STATEMENT
Title Organizational behavior
250 ## - EDITION STATEMENT
Edition statement 11th ed.
260 ## - PUBLICATION, DISTRIBUTION, ETC. (IMPRINT)
Name of publisher TMH
Place of publication new delhi
300 ## - PHYSICAL DESCRIPTION
Number of Pages 469p,
650 ## - SUBJECT ADDED ENTRY--TOPICAL TERM
Topical Term Management
942 ## - ADDED ENTRY ELEMENTS (KOHA)
Koha item type Books
Holdings
Lost status Damaged status Home library Current library Shelving location Date acquired Full call number Accession Number Koha item type Collection code
    JRU Library   SHELF - 15 - J 22/06/2016 658.3 8843 Books  
    JRU Library   SHELF-65-E 22/06/2016 658.3 8844 Books  
    JRU Library JRU Library Shelf - 27- B 22/06/2016 658.3 8845 Books MANAGEMENT
    JRU Library JRU Library SHELF-65-E 22/06/2016 658.3 8846 Books MANAGEMENT
    JRU Library   SHELF-65-E 22/06/2016 658.3 8847 Books  
    JRU Library JRU Library   22/06/2016 658.3 8848 Books MANAGEMENT
    JRU Library JRU Library SHELF-65-E 22/06/2016 658.3 8849 Books MANAGEMENT
    JRU Library JRU Library   22/06/2016 658.3 8850 Books MANAGEMENT
    JRU Library   SHELF - 15 - J 22/06/2016 658.3 8851 Books